00486nam a2200145Ia 4500008004100000020001800041100002900059245007300088260001200161500002400173650003500197942000700232952008400239999001700323230524s9999 xx 000 0 und d a9788179662441 aSusan J. Benjamin936621 0aSpeak With Success: A Step-by-Step Guide to Fearless Public Speaking bEmerald aQuantity Number: 1 aPersonality Development936622 cBK 00104070aTATCLbTATCLcGENd2023-05-24l0p44973r2023-05-24w2023-05-24yBK c50669d50669